[Event "Antioquia op"]
[Site "Antioquia"]
[Date "2020.03.05"]
[Round "4"]
[White "Gallego Valencia, Johan"]
[Black "Hoyos Garces, Rosana"]
[Result "0-1"]
[WhiteElo "1600"]
[BlackElo "1812"]
[PlyCount "76"]
[EventDate "2020.03.03"]
[EventType "swiss"]
[EventRounds "9"]
[EventCountry "COL"]
[SourceTitle "CBM 195 Extra"]
[Source "ChessBase"]
[SourceDate "2020.05.31"]
[SourceVersion "1"]
[SourceVersionDate "2020.05.31"]
[SourceQuality "1"]

1. d4 g6 2. c4 Bg7 3. Nc3 c5 4. e3 f5 5. Nf3 Nc6 6. Be2 Nh6 7. 0-0 Nf7 8. d5 Nce5 9. e4 d6 10. Bd3 Nxf3+ 11. gxf3 Ne5 12. exf5 Nxd3 13. Qxd3 Bxf5 14. Qe3 0-0 15. Bd2 Qd7 16. Rfe1 Rae8 17. Qe2 h6 18. Qf1 Bh3 19. Qd3 Bf5 20. Qf1 Rf7 21. Qg2 Kh7 22. Qg3 g5 23. f4 gxf4 24. Qxf4 Bg6 25. Qh4 Rf5 26. Ne4 Rh5 27. Qg3 Be5 28. Qe3 Bxh2+ 29. Kf1 Rh3 30. Ng3 Bxg3 31. fxg3 Rh2 32. Qf3 Rf8 33. Bf4 Qh3+ 34. Kg1 Rxf4 35. Rxe7+ Kg8 36. gxf4 Qxf3 37. Kxh2 Qxf4+ 38. Kh3 Bf5+ 0-1

[Event "Antioquia op"]
[Site "Antioquia"]
[Date "2020.03.04"]
[Round "3"]
[White "Suaza Builes, Oscar A"]
[Black "Gallego Valencia, Johan"]
[Result "0-1"]
[WhiteElo "1463"]
[BlackElo "1600"]
[PlyCount "60"]
[EventDate "2020.03.03"]
[EventType "swiss"]
[EventRounds "9"]
[EventCountry "COL"]
[SourceTitle "CBM 195 Extra"]
[Source "ChessBase"]
[SourceDate "2020.05.31"]
[SourceVersion "1"]
[SourceVersionDate "2020.05.31"]
[SourceQuality "1"]

1. d4 e6 2. Bf4 c5 3. c3 Nc6 4. Nf3 cxd4 5. cxd4 Bb4+ 6. Nc3 Nf6 7. a3 Ba5 8. b4 Bc7 9. Bxc7 Qxc7 10. Rc1 d5 11. e3 0-0 12. Bd3 e5 13. dxe5 Nxe5 14. Nxe5 Qxe5 15. 0-0 Bg4 16. Qd2 Qg5 17. Be2 Rad8 18. Qd4 Bxe2 19. Nxe2 b6 20. Nf4 Rfe8 21. Rc7 Re4 22. Qd2 d4 23. Rxa7 Ng4 24. Rd1 Ne5 25. Kh1 Nc6 26. Qc2 dxe3 27. Ra8 Red4 28. Rxd8+ Qxd8 29. Rxd4 Qxd4 30. fxe3 Qa1+ 0-1